El monasterio de San Pedro de Cardeña contra Isabel de Osorio : del Memorial del pleito al Catastro de Ensenada /

Detalles Bibliográficos
Autor principal: Sánchez Domingo, Rafael (Autor)
Formato: Electrónico eBook
Lenguaje:español
Publicado: Madrid : Dykinson, S.L., [2025]
Materias:
Acceso en línea:Digitalia Hispánica

MARC

LEADER 00000nam a2200000 i 4500
001 DIGDYK4293
003 NyNyDIG
007 cr |||||||||||
008 251201s2025 sp a ob 000 0 spa d
006 m o d
035 |a (OCoLC)1564457251 
040 |a DGITA  |b eng  |e rda  |e pn  |c DGITA 
020 |a 9791370065225  |q electrónico 
020 |z 9791370064754 
043 |a e-sp--- 
050 1 4 |a DP302.B81 ebook 
100 1 |a Sánchez Domingo, Rafael,  |e author. 
245 1 3 |a El monasterio de San Pedro de Cardeña contra Isabel de Osorio :  |b del Memorial del pleito al Catastro de Ensenada /  |c Rafael Sánchez Domingo. 
264 1 |a Madrid :  |b Dykinson, S.L.,  |c [2025] 
300 |a 1 online resource :  |b illustrations. 
336 |a text  |b txt  |2 rdacontent 
337 |a computer  |b c  |2 rdamedia 
338 |a online resource  |b cr  |2 rdacarrier 
347 |a text file  |2 rdaft 
347 |b PDF 
504 |a Includes bibliographical references. 
588 0 |a Online resource; title from PDF title page (Digitalia, viewed December 1, 2025) 
610 2 0 |a Real Monasterio de San Pedro de Cardeña (Castrillo del Val, Spain)  |x History  |y 16th century. 
600 1 0 |a Osorio, Isabel de,  |d 1522-1589. 
651 0 |a Burgos (Spain)  |x History  |y 16th century. 
791 2 |a Digitalia (Firm),  |e distributor. 
793 0 |g Digitalia eBook Collection:  |a Dykinson Editorial 
776 0 8 |i Print version:  |a Sánchez Domingo, Rafael.  |t Monasterio de San Pedro de Cardeña contra Isabel de Osorio.  |d Madrid : Dykinson, S.L., [2025]  |z 9791370064754 
856 4 0 |3 Digitalia Hispánica  |u https://www.digitaliapublishing.com/a/182470/ 
910 |a Premium collection: 2025